| 000 | 00562nam a22001937a 4500 | ||
|---|---|---|---|
| 999 |
_c7579 _d7579 |
||
| 003 | GBCCL | ||
| 005 | 20241126110631.0 | ||
| 008 | 180828b ||||| |||| 00| 0 eng d | ||
| 040 | _cgbc | ||
| 082 |
_a249 _bPIL |
||
| 100 |
_aPillai, K V _913385 |
||
| 245 | _aGod's blueprint for the family. | ||
| 260 |
_aBombay : _bGospel Literature Service, _c1979. |
||
| 300 |
_axvi, 152 pages ; _c19 cm |
||
| 650 |
_aFamilies -- Biblical teaching. _913386 |
||
| 650 |
_a Marriage -- Biblical teaching. _933 |
||
| 650 |
_a Families -- India. _913387 |
||
| 942 |
_2ddc _cBK _019 |
||